OLE 2 Programmers Reference Vol I (Record no. 294292)

MARC details
000 -LEADER
fixed length control field 00460nam a2200169Ia 4500
008 - FIXED-LENGTH DATA ELEMENTS--GENERAL INFORMATION
fixed length control field 230718s9999 xx 000 0 und d
041 ## - LANGUAGE CODE
Language code of text/sound track or separate title eng
082 ## - DEWEY DECIMAL CLASSIFICATION NUMBER
Classification number 005.43
Item number MIC
100 ## - MAIN ENTRY--PERSONAL NAME
Personal name Microsoft Press
9 (RLIN) 136328
245 ## - TITLE STATEMENT
Title OLE 2 Programmers Reference Vol I
260 ## - PUBLICATION, DISTRIBUTION, ETC. (IMPRINT)
Date of publication, distribution, etc. 1993
Name of publisher, distributor, etc. Microsoft Press
300 ## - PHYSICAL DESCRIPTION
Extent 920
Accompanying material [OBSOLETE, CAN/MARC] Ref 168 C (5497)
365 ## - TRADE PRICE
Currency code Rs.
Price amount 639.35
500 ## - GENERAL NOTE
Keywords 168 C
700 ## - ADDED ENTRY--PERSONAL NAME
Personal name Microsoft Press
9 (RLIN) 136328
906 ## - LOCAL DATA ELEMENT F, LDF (RLIN)
d B:501613-Oct-1995
c COMP
b 95.9
Holdings
Withdrawn status Lost status Source of classification or shelving scheme Reference No Damaged status Not for loan Home library Current library Date acquired Vendor Budget Code Cost, normal purchase price Bill number Full call number Barcode Date last seen Discount Cost, replacement price Bill Date Koha item type Original Barcode
    Dewey Decimal Classification Ref 168 C (5497)   Reference Cummins College of Engineering for Women Pune Cummins College of Engineering for Women Pune 04/11/1995 Technical Book Services COMP 543.45 5016 005.43 CCEP-BK-5497 18/07/2023 95.9 639.35 13/10/1995 Books 005497